00259pam a2200109 a 4500020000500000041000800005082002100013100002300034245004300057260003900100300001000139 c aeng a610.7302012bARK aArkhangelsky, G.V. aManual afor Nurses hTextual Documents aMoscow:bM I R Publishers ,c1978. a398p.